| 000 | 00482nam a22002057a 4500 | ||
|---|---|---|---|
| 008 | 000000b xxu||||| |||| 00| 0 und d | ||
| 015 | _aNNB | ||
| 020 | _cRs.50.00 | ||
| 041 | _aNep | ||
| 082 |
_aN303.6 _bS221m _cN |
||
| 100 | _aSaha, Nanda Kishor | ||
| 245 | _aMadheshi vidroha kina? | ||
| 260 |
_aRautahat _bJyoti Pustak Kendra _c2064 B.S. |
||
| 300 | _a64p. | ||
| 650 | _aConflicts | ||
| 650 | _aRevolution | ||
| 651 | _aMadhesh | ||
| 651 | _aNepal | ||
| 942 |
_cGEN _2ddc |
||
| 999 |
_c70077 _d70063 |
||